[Event "GER-chT Betriebe 15th"]
[Site "Munich"]
[Date "2015.10.22"]
[Round "1.2"]
[White "Rohne, Lars"]
[Black "Kuehn, Patrick"]
[Result "1-0"]
[WhiteElo "2145"]
[BlackElo "2206"]
[PlyCount "80"]
[EventDate "2015.10.22"]
[EventType "team-swiss"]
[EventRounds "7"]
[EventCountry "GER"]
[SourceTitle "EXT 2020"]
[Source "ChessBase"]
[SourceDate "2019.10.17"]
[SourceVersion "1"]
[SourceVersionDate "2019.10.17"]
[SourceQuality "1"]
[WhiteTeam "Leipzig Publishing Services"]
[BlackTeam "Fiducia IT"]
[WhiteTeamCountry "GER"]
[BlackTeamCountry "GER"]

1. e4 e5 2. Nf3 Nc6 3. Bc4 d6 4. d3 g6 5. Bg5 f6 6. Be3 Na5 7. Nc3 Nxc4 8. dxc4 Be6 9. Qe2 Nh6 10. h3 Nf7 11. 0-0-0 Be7 12. Nd5 0-0 13. Nh2 f5 14. exf5 gxf5 15. f4 c6 16. Nxe7+ Qxe7 17. Nf3 a5 18. Bf2 e4 19. Nd4 Bd7 20. g4 Nh6 21. gxf5 c5 22. Rhg1+ Kh8 23. Qh5 Nxf5 24. Nxf5 Rxf5 25. Qh6 Qf6 26. Rxd6 Qxh6 27. Rxh6 Rg8 28. Rd1 Bc6 29. Be1 Kg7 30. Rh4 h5 31. Bxa5 Kf7 32. Bd8 e3 33. Bg5 e2 34. Re1 Bf3 35. Kd2 Re8 36. Rc1 Kg6 37. Rg1 Rf7 38. Ke1 Rd7 39. f5+ Kf7 40. Bd2 Rxd2 1-0

[Event "Berlin Spring op-A"]
[Site "Berlin"]
[Date "2014.05.01"]
[Round "2"]
[White "Rohne, Lars"]
[Black "Baldauf, Marco"]
[Result "1/2-1/2"]
[WhiteElo "2159"]
[BlackElo "2407"]
[PlyCount "35"]
[EventDate "2014.05.01"]
[EventType "swiss"]
[EventRounds "7"]
[EventCountry "GER"]
[SourceTitle "CBM 160 Extra"]
[Source "ChessBase"]
[SourceDate "2014.07.01"]
[SourceVersion "1"]
[SourceVersionDate "2014.07.01"]
[SourceQuality "1"]

1. e4 e5 2. Nf3 Nc6 3. Bc4 Bc5 4. c3 Nf6 5. d3 a6 6. Bb3 Ba7 7. 0-0 d6 8. Nbd2 0-0 9. Nc4 h6 10. Ne3 Be6 11. Bc2 d5 12. exd5 Nxd5 13. Nc4 Qf6 14. Qe2 Nf4 15. Bxf4 exf4 16. d4 Ne7 17. Ncd2 Ng6 18. Ne4 1/2-1/2

[Event "Oberliga Ost-A 1213"]
[Site "Germany"]
[Date "2013.04.14"]
[Round "11.3"]
[White "Rudolf, Sebastian"]
[Black "Rohne, Lars"]
[Result "1-0"]
[WhiteElo "2236"]
[BlackElo "2153"]
[PlyCount "57"]
[EventDate "2012.10.14"]
[EventType "team-tourn"]
[EventRounds "11"]
[EventCountry "GER"]
[SourceTitle "EXT 2014"]
[Source "ChessBase"]
[SourceDate "2013.11.20"]
[SourceVersion "1"]
[SourceVersionDate "2013.11.20"]
[SourceQuality "1"]
[WhiteTeam "Dresden Gruen Weiss"]
[BlackTeam "Leipzig VfB"]
[WhiteTeamCountry "GER"]
[BlackTeamCountry "GER"]

1. e4 d6 2. d4 Nf6 3. Nc3 c6 4. h3 g6 5. Be3 b5 6. Bd3 Bg7 7. a3 Nbd7 8. f4 a6 9. g4 Nb6 10. Nf3 Bb7 11. Qd2 Nfd7 12. Ne2 c5 13. c3 f5 14. gxf5 gxf5 15. Ng5 Nf8 16. Ng3 fxe4 17. Be2 Nc4 18. Bxc4 bxc4 19. Qe2 cxd4 20. Nf5 Bf6 21. Qh5+ Kd7 22. Bxd4 Qe8 23. Qxe8+ Rxe8 24. Bxf6 exf6 25. Nf7 Ke6 26. N5xd6 Bc6 27. Nxe8 Kxf7 28. Nd6+ Ke6 29. Nxc4 1-0

[Event "Leipzig VfB op 20th"]
[Site "Leipzig"]
[Date "2013.03.06"]
[Round "3"]
[White "Graf, Alexander"]
[Black "Rohne, Lars"]
[Result "1-0"]
[WhiteElo "2601"]
[BlackElo "2153"]
[PlyCount "67"]
[EventDate "2013.03.05"]
[EventType "swiss"]
[EventRounds "9"]
[EventCountry "GER"]
[SourceTitle "EXT 2014"]
[Source "ChessBase"]
[SourceDate "2013.11.20"]
[SourceVersion "1"]
[SourceVersionDate "2013.11.20"]
[SourceQuality "1"]

1. d4 d6 2. e4 Nf6 3. Nd2 c6 4. Bd3 e5 5. c3 Nbd7 6. Ngf3 Be7 7. 0-0 0-0 8. Re1 Qc7 9. Nf1 Rd8 10. Ng3 Nf8 11. h3 Ng6 12. Be3 Be6 13. Ng5 d5 14. Nxe6 fxe6 15. exd5 exd4 16. Bxd4 e5 17. d6 Bxd6 18. Be3 Nf4 19. Bf1 Kh8 20. Qc2 N4d5 21. Bd2 Rf8 22. Nf5 Rae8 23. Rad1 Be7 24. c4 Nf4 25. Bc3 Ng6 26. g3 a5 27. Nxe7 Rxe7 28. Bd3 e4 29. Bxe4 Ne5 30. Bg2 Nh5 31. Re4 Nf3+ 32. Bxf3 Rxf3 33. Rxe7 Qxe7 34. Qe2 1-0

[Event "Oberliga Ost-A 1213"]
[Site "Germany"]
[Date "2013.01.13"]
[Round "5.3"]
[White "Jahnel, Guenther"]
[Black "Rohne, Lars"]
[Result "1/2-1/2"]
[WhiteElo "2282"]
[BlackElo "2153"]
[PlyCount "88"]
[EventDate "2012.10.14"]
[EventType "team-tourn"]
[EventRounds "11"]
[EventCountry "GER"]
[SourceTitle "EXT 2014"]
[Source "ChessBase"]
[SourceDate "2013.11.20"]
[SourceVersion "1"]
[SourceVersionDate "2013.11.20"]
[SourceQuality "1"]
[WhiteTeam "Hoyerswerda"]
[BlackTeam "Leipzig VfB"]
[WhiteTeamCountry "GER"]
[BlackTeamCountry "GER"]

1. d4 g6 2. e4 Bg7 3. Nc3 d6 4. Be3 a6 5. Qd2 Nd7 6. f4 b5 7. a4 b4 8. Nd1 a5 9. Nf3 Bb7 10. Nf2 e6 11. Bd3 Ne7 12. 0-0 d5 13. c3 dxe4 14. Nxe4 Nd5 15. Bf2 0-0 16. Bh4 Qc8 17. Ne5 bxc3 18. bxc3 N5f6 19. Nxd7 Nxd7 20. Rfe1 Bc6 21. Bc2 Rb8 22. Reb1 Qa6 23. Bf2 Qa8 24. Qe2 Nf6 25. Nxf6+ Bxf6 26. Bg3 Rxb1+ 27. Rxb1 Rb8 28. Rxb8+ Qxb8 29. h4 Qb2 30. Qd3 Qc1+ 31. Kh2 h5 32. Bb3 Kg7 33. f5 gxf5 34. Bxc7 Bxh4 35. d5 exd5 36. Qxf5 Bf6 37. Be5 Qh6 38. Bxd5 Bxd5 39. Bxf6+ Qxf6 40. Qxd5 Qxc3 41. Qg5+ Kf8 42. Qd8+ Kg7 43. Qg5+ Kf8 44. Qd8+ Kg7 1/2-1/2

[Event "Oberliga Ost-A 1112"]
[Site "Germany"]
[Date "2012.02.26"]
[Round "8.4"]
[White "Rohne, Lars"]
[Black "Mueller, Richard"]
[Result "1/2-1/2"]
[WhiteElo "2157"]
[BlackElo "2027"]
[PlyCount "47"]
[EventDate "2011.09.25"]
[EventType "team-tourn"]
[EventRounds "11"]
[EventCountry "GER"]
[SourceTitle "EXT 2013"]
[Source "ChessBase"]
[SourceDate "2012.11.22"]
[SourceVersion "1"]
[SourceVersionDate "2012.11.22"]
[SourceQuality "1"]
[WhiteTeam "Leipzig VfB"]
[BlackTeam "Coswig"]
[WhiteTeamCountry "GER"]
[BlackTeamCountry "GER"]

1. e4 c5 2. Nc3 Nc6 3. Bb5 Nd4 4. Bc4 e6 5. Nge2 Nf6 6. 0-0 b5 7. Bxb5 Nxb5 8. Nxb5 Nxe4 9. d3 Nf6 10. Bg5 Qb6 11. c4 Be7 12. Rb1 d5 13. Ng3 0-0 14. Nh5 Ba6 15. Bxf6 Bxf6 16. Nxf6+ gxf6 17. Qg4+ Kh8 18. Qh4 Qd8 19. Nc7 Qxc7 20. Qxf6+ Kg8 21. Qg5+ Kh8 22. Qf6+ Kg8 23. Qg5+ Kh8 24. Qf6+ 1/2-1/2

[Event "Oberliga Ost-A 1112"]
[Site "Germany"]
[Date "2011.10.22"]
[Round "2.3"]
[White "Rudolf, Sebastian"]
[Black "Rohne, Lars"]
[Result "1/2-1/2"]
[WhiteElo "2218"]
[BlackElo "2157"]
[PlyCount "78"]
[EventDate "2011.09.25"]
[EventType "team-tourn"]
[EventRounds "11"]
[EventCountry "GER"]
[SourceTitle "EXT 2013"]
[Source "ChessBase"]
[SourceDate "2012.11.22"]
[SourceVersion "1"]
[SourceVersionDate "2012.11.22"]
[SourceQuality "1"]
[WhiteTeam "Dresden Gruen Weiss"]
[BlackTeam "Leipzig VfB"]
[WhiteTeamCountry "GER"]
[BlackTeamCountry "GER"]

1. e4 c5 2. Nf3 d6 3. d4 cxd4 4. Nxd4 Nf6 5. f3 e5 6. Nb3 Be7 7. c4 a5 8. Be3 a4 9. N3d2 Qa5 10. a3 Nc6 11. Nc3 0-0 12. Bd3 Bd7 13. 0-0 Bd8 14. Nd5 Nxd5 15. cxd5 Bb6 16. Qe1 Qa7 17. Bxb6 Qxb6+ 18. Qf2 Qxf2+ 19. Kxf2 Na5 20. Rfc1 Rfc8 21. Rc3 Kf8 22. Rac1 Ke7 23. Ke3 Kd8 24. f4 f6 25. fxe5 fxe5 26. Rf1 Ke7 27. Rfc1 Kd8 28. Be2 b5 29. Rf1 Ke7 30. Bh5 g6 31. Be2 Nb7 32. Rcc1 Rxc1 33. Rxc1 Nc5 34. Nf3 Rc8 35. Ng5 h6 36. Nf3 g5 37. h4 g4 38. Ne1 Rb8 39. Nc2 Nb3 1/2-1/2

[Event "Oberliga Ost-A 1112"]
[Site "Germany"]
[Date "2011.09.25"]
[Round "1.4"]
[White "Graf, Roland"]
[Black "Rohne, Lars"]
[Result "1/2-1/2"]
[WhiteElo "2186"]
[BlackElo "2157"]
[PlyCount "54"]
[EventDate "2011.09.25"]
[EventType "team-tourn"]
[EventRounds "11"]
[EventCountry "GER"]
[SourceTitle "EXT 2013"]
[Source "ChessBase"]
[SourceDate "2012.11.22"]
[SourceVersion "1"]
[SourceVersionDate "2012.11.22"]
[SourceQuality "1"]
[WhiteTeam "Hoyerswerda"]
[BlackTeam "Leipzig VfB"]
[WhiteTeamCountry "GER"]
[BlackTeamCountry "GER"]

1. e4 c5 2. c3 g6 3. d4 cxd4 4. cxd4 Bg7 5. Nc3 d6 6. Be3 Nf6 7. f3 Nc6 8. Nge2 a6 9. Rc1 Nd7 10. Qd2 h6 11. d5 Nce5 12. Nd4 Nb6 13. b3 e6 14. dxe6 Bxe6 15. Qf2 Nbd7 16. Be2 Nc6 17. 0-0 0-0 18. f4 Nf6 19. f5 Bd7 20. Rfd1 Qe7 21. Qg3 g5 22. h4 Nxe4 23. Nxe4 Qxe4 24. Nxc6 Bxc6 25. hxg5 Rfe8 26. Rd3 Be5 27. Qg4 Qxg4 1/2-1/2

[Event "Oberliga Ost-A 1011"]
[Site "Germany"]
[Date "2011.02.27"]
[Round "8.4"]
[White "Rohne, Lars"]
[Black "Engelmann, Jakob"]
[Result "1-0"]
[WhiteElo "2106"]
[BlackElo "2195"]
[PlyCount "79"]
[EventDate "2010.10.24"]
[EventType "team-tourn"]
[EventRounds "11"]
[EventCountry "GER"]
[SourceTitle "EXT 2012"]
[Source "ChessBase"]
[SourceDate "2011.11.24"]
[SourceVersion "1"]
[SourceVersionDate "2011.11.24"]
[SourceQuality "1"]
[WhiteTeam "Leipzig VfB"]
[BlackTeam "Halle USV"]
[WhiteTeamCountry "GER"]
[BlackTeamCountry "GER"]

1. e4 c6 2. d4 d5 3. e5 Bf5 4. Nd2 e6 5. Nb3 Nd7 6. Nf3 Ne7 7. Be2 Bg6 8. 0-0 Nf5 9. Ne1 Be7 10. Nd3 0-0 11. g3 Qb6 12. c3 h6 13. g4 Nh4 14. Be3 Qc7 15. Nf4 Bh7 16. Ng2 Nxg2 17. Kxg2 f6 18. f4 c5 19. exf6 Rxf6 20. dxc5 Be4+ 21. Bf3 Nxc5 22. Nxc5 Bxc5 23. Bxc5 Bxf3+ 24. Rxf3 Qxc5 25. Qe2 Raf8 26. Raf1 Qa5 27. g5 hxg5 28. fxg5 Rxf3 29. Rxf3 Rxf3 30. Qxe6+ Kh7 31. Kxf3 d4 32. Qe4+ Kg8 33. g6 Qh5+ 34. Qg4 Qd5+ 35. Kf2 Qd8 36. Qe6+ Kh8 37. Qh3+ Kg8 38. Qh7+ Kf8 39. Qh8+ Ke7 40. Qxd8+ 1-0